South Eastern Kenya University

Library Online Public Access Catalogue


Picture window : (Record no. 9307)

MARC details
000 -LEADER
fixed length control field 00358pam a2200133 a 4500
020 ## - ISBN
International Standard Book Number 1400040078 (alk. paper)
050 00 - LIBRARY OF CONGRESS CALL NUMBER
Classification Number PS3515.O3485
Item Number P53 2003
100 1# - MAIN ENTRY--Author
Personal name Hollander, John.
245 10 - TITLE
Title Picture window :
Remainder of title poems /
Statement of responsibility, etc by John Hollander.
250 ## - EDITIONSTATEMENT
Edition statement 1st ed.
260 ## - PUBLICATION, DISTRIBUTION, ETC.(IMPRINT)
Place of publication, distribution, etc New York :
Name of publisher, distributor, etc Alfred A. Knopf,
Date of publication, distribution, etc 2003.
300 ## - PHYSICAL DESCRIPTION
Extent viii, 85 p. :
942 ## - ADDED ENTRY ELEMENTS(KOHA)
Source of classification or shelving scheme Library of Congress Classification
Koha item type General circulation
Holdings
Source of classification or shelving scheme Not for loan Location (home branch) Sublocation (holding branch) Date accessioned Source of acquisition Full call number Barcode Koha item type Public note
Library of Congress Classification   Wote Campus Library Wote Campus Library 29/09/2015 Donation-Books for Africa [WTE] PS3515 .O3485 P53 2003 2015/008477 General circulation amm
Kitui, Kenya.
+254736116989
library@seku.ac.ke